000 00423nam a2200181Ia 4500
001 1620
005 20260306143741.0
008 260306t2014||||xx |||||||||||||| ||spa||
041 _aESP
082 _a153.42
_bM569
100 _aMoya Santoyo, José
_eAUT
245 0 _aPsicología del pensamiento
260 _c2014
300 _a211 páginas :
_c23 cm.
650 _aGEN
654 _aCPS
942 _cLIB
_dJUS
_fJUS
_2ddc
_n
999 _c1620
_d1620